| 000 | 01025cab a22002055a 4500 | ||
|---|---|---|---|
| 001 | L151290 | ||
| 008 | 101014e20101001xxk 000 0 eng d | ||
| 035 | _a(Sirsi) u151290 | ||
| 041 | 0 | _aeng | |
| 100 | 1 | _aWhitmore, James | |
| 245 | 0 | 0 | _aFund managers bearish as sentiment turns negative |
| 260 | _c2010 | ||
| 490 | 0 |
_aProperty Week _v76 (39) 1 October 2010, 23-24(2) |
|
| 520 | _aLloyds Banking Group's fifth quarterly Commercial Property Confidence Monitor shows confidence in the UK commercial property market plummeting with a third of UK property professionals surveyed believing that the market will slowdown in the next three to six months. The net confidence position is -14% down from +22% in July and +33% three months earlier. The greatest drop in confidence was among fund managers. | ||
| 590 | _aKA | ||
| 651 | 4 |
_aUnited Kingdom _y |
|
| 690 | _aPROPERTY-COMMERCIAL PROPERTY-COMMERCIAL PROPERTY MARKET | ||
| 690 | _aPROPERTY-COMMERCIAL PROPERTY-COMMERCIAL PROPERTY FINANCE AND INVESTMENT | ||
| 942 | _n0 | ||
| 999 |
_c82751 _d82751 |
||